00942nam a2200241Ia 4500001000600000003000900006008004100015040001300056040001300069041001300082100001700095100002900112245001900141245005200160250001100212260000900223260001800232260004900250300005700299500027000356650004300626650003100669G8180IT-RoPAU130308s9999 xx 000 0 und d aIT-RoPAU cIT-RoPAU aITALIANO aBarile Nello gCodice Aut. SPICS: 55809 aCommunifashion bCommunifashion. Sulla Moda, della Comunicazione a1a ed. aROMA bSossella Luca c2001 [1° Ed.:2001 - Ed.Ling.Originale:2001] a"49 p. (prefazione: no ; testo: 49 [pagine: 49-97])" aIntroduzione Ai Saggi del Volume. Sistema Moda: ingegneria Sociale del consumo e liberazione Postindustriale. moda della Modernità€. Stile nel Postmoderno. Dalla moda Temporalistica All'Eternismo di Fine Millennio. Effetti Larsen: gestione tecnologica Dello Stile. aSOCIOLOGIA DELLA COMUNICAZIONE SOCIALE eCodice materia Spics: 3806